UBT Library

Modern database management / (Record no. 47399)

000 -LEADER
fixed length control field 00752pam a2200229 a 4500
001 - CONTROL NUMBER
control field 4031845
005 - DATE AND TIME OF LATEST TRANSACTION
control field 20180829044837.0
008 - FIXED-LENGTH DATA ELEMENTS--GENERAL INFORMATION
fixed length control field 980402s1998 maua b 001 0 eng
010 ## - LIBRARY OF CONGRESS CONTROL NUMBER
LC control number 98004120
020 ## - INTERNATIONAL STANDARD BOOK NUMBER
International Standard Book Number 0805360549
040 ## - CATALOGING SOURCE
Original cataloging agency DLC
Transcribing agency DLC
Modifying agency DLC
041 ## - LANGUAGE CODE
Language code of text/sound track or separate title eng
080 ## - UNIVERSAL DECIMAL CLASSIFICATION NUMBER
Universal Decimal Classification number 005.74
082 00 - DEWEY DECIMAL CLASSIFICATION NUMBER
Classification number 005.74
Edition number 21
100 1# - Rafti
Rafti McFadden, Fred R.,
101 ## - Shkurtesa
Shkurtesa SHK
245 10 - TITLE STATEMENT
Title Modern database management /
Statement of responsibility, etc Fred R. McFadden, Jeffrey A. Hoffer, Mary B. Prescott.
504 ## - BIBLIOGRAPHY, ETC. NOTE
Bibliography, etc Includes bibliographical references and index.
906 ## - LOCAL DATA ELEMENT F, LDF (RLIN)
a 7
b cbc
c orignew
d 1
e ocip
f 19
g y-gencatlg
942 ## - ADDED ENTRY ELEMENTS (KOHA)
Source of classification or shelving scheme
Item type Books
Holdings
Withdrawn status Lost status Source of classification or shelving scheme Damaged status Not for loan Collection code Permanent location Current location Shelving location Date acquired Total Checkouts Full call number Barcode Date last seen Price effective from Koha item type
          Koleksioni i përgjithshem UBT - Lipjan UBT - Lipjan Koleksioni i përgjithshem 08/29/2018   005.74 MCF 002-3011991 08/29/2018 08/29/2018 Books
UBT Library © 2015-2024. All rights reserved University Education for Business and Technology